000 00431nam a2200145 a 4500
001 4051
005 20140414131857.0
008 081212s19uu xx 00 eng d
050 _aFIL 398.2
_bB38 2003
245 _aA fox and some grapes and other stories.
260 _aNew Delhi :
_bAllscript Establishment,
_cc2003.
300 _a16 p. : col., ill. ; cm.
650 _aFables, Greek
_xTranslation into English.
999 _c110518
_d110518